000 00332nam a2200145Ia 4500
008 230917s9999||||xx |||||||||||||| ||und||
040 _e203770
_aMAIN
041 _aEnglish
082 _a869.3 C65Z
100 _aCoelho, Paulo
245 0 _aZahir
260 _aNoida
_bHarper Collins
_c2005
300 _axv, 342 p.
942 _cBK
999 _c174080
_d174080